00945nac a22002411u 4500010001600000020001700016082001500033090001500048100003400063245013700097260005300234300003600287440006500323500002000388500002700408511002800435650004100463700002100504700002000525942001700545999001500562952012600577 a 91047190 a0077074327 :00a005.1bBRO c9371d9371 aBrown, Alan W., 10aSoftware engineering environments :bautomated support for software engineering /cAlan W. Brown, Anthony N. Earl, John A. McDermid. aLondon ;aNew York :bMcGraw-Hill,c1992.cc1992. axviii, 326 p. :bill. ;c23 cm. 4aThe McGraw-Hill international series in software engineering aIncludes index. aDistributer: Al-Ahram. aCatalogued By: Mahitab. 0aComputer-aided software engineering.1 aEarl, Anthony N.1 aMcDermid, John. cBBk005.1BRO c9371d9371 00104070aMAINbMAINcLOWd2008-05-05ePurchasel1m1o005.1BROp000011254r2025-07-15 00:00:00s2019-09-07v120.10yBB